书目信息 |
| 题名: |
原来这就是经济学
|
|
| 作者: | 钟伟伟 著 | |
| 分册: | ||
| 出版信息: | 北京 化学工业出版社 2024.09 |
|
| 页数: | 188页 | |
| 开本: | 24cm | |
| 丛书名: | ||
| 单 册: | ||
| 中图分类: | F0-49 | |
| 科图分类: | ||
| 主题词: | 经济学--通俗读物 | |
| 电子资源: | ||
| ISBN: | 978-7-122-45847-6 | |
| 000 | 00833nam0 2200229 450 | |
| 001 | 013214174 | |
| 005 | 20251022171104.36 | |
| 010 | @a978-7-122-45847-6@dCNY49.80 | |
| 100 | @a20241031d2024 em y0chiy0120 ea | |
| 101 | 0 | @achi |
| 102 | @aCN@b110000 | |
| 105 | @aa z 000yy | |
| 106 | @ar | |
| 200 | 1 | @a原来这就是经济学@9yuan lai zhe jiu shi jing ji xue@e16堂大师经济课@f钟伟伟著 |
| 210 | @a北京@c化学工业出版社@d2024.09 | |
| 215 | @a188页@c图@d24cm | |
| 330 | @a本书尝试解决经济学理论与现实生活的脱节问题。作者选择了16个经济学术语,每个术语从多个角度进行阐述,采用对话和课堂实录的方式,结合国际经济环境、中国经济现状和个人经济现状,完成经济学的整体建构。 | |
| 606 | 0 | @a经济学@j通俗读物 |
| 690 | @aF0-49@v5 | |
| 701 | 0 | @a钟伟伟@9zhong wei wei@4著 |
| 801 | 0 | @aCN@c20250910 |
| 905 | @a河南城建学院图书馆@dF0@eZ733@ZZ733@f1 | |
| 原来这就是经济学:16堂大师经济课/钟伟伟著.-北京:化学工业出版社,2024.09 |
| 188页:图;24cm |
| ISBN 978-7-122-45847-6:CNY49.80 |
| 本书尝试解决经济学理论与现实生活的脱节问题。作者选择了16个经济学术语,每个术语从多个角度进行阐述,采用对话和课堂实录的方式,结合国际经济环境、中国经济现状和个人经济现状,完成经济学的整体建构。 |
| ● |
| 相关链接 |
|
|
|
正题名:原来这就是经济学
索取号:F0/Z733
 
预约/预借
| 序号 | 登录号 | 条形码 | 馆藏地/架位号 | 状态 | 备注 |
| 1 | 1634760 | 216347601 | 社科库409/409社科库 61排3列5层/ [索取号:F0/Z733] | 在馆 |